00913cam a22002415a 4500001001000000003000400010005001700014008004100031020001800072040003600090082002100126245009300147260004300240300002900283500003000312650006800342651001000410653002400420710004300444942000800487999001700495952015900512017183110OSt20161013125240.0150401t2015 njua fr 000 0 eng d a9781119042488 aStDuBDSbengcStDuBDSdEG-ScBUE04a650.076222bOFF04aThe official guide for GMAT review 2016 /cGraduate Management Admission Council (GMAC). aHoboken :bJohn Wiley & Sons,cc.2015. a836 p. :bill. ;c28 cm. aIncludes Internet access. 7aGraduate Management Admission TestvStudy guides.2BUEsh925992 2BUEsh bBUSECOcOctober20162 aGraduate Management Admission Council, 2ddc c22563d22535 00102ddc40708AcademicaMAINbMAINc1STd2016-10-13ePurchaseg325.00h9132l7m30o650.076 OFFp000034083r2025-07-15 00:00:00s2021-09-19v406.25yBB